000 00700nam a2200265 i 4500
001 C2-0330006
003 PPAK
005 20180728130931.0
008 150218s2003 at a|||| ||||| | eng d
020 _a0534492584
040 _aPPAK
_beng
_cPPAK
_erda
082 0 4 _a530
_223
090 0 0 _a530
_bSER
_dG
100 1 _aSerway, Raymond A.,
_eauthor
245 1 0 _aCollege Physics
250 _aSixth edition
264 1 _aAustralia :
_bThomson Learning ,
_c2003
300 _axxix, 966 pages :
_bcolour illustrations ;
_c28 cm
336 _2rdacontent
_atext
337 _2rdamedia
_aunmediated
338 _2rdacarrier
_avolume
650 1 0 _aPhysics.
700 _eauthor
942 _ddc
_cB
999 _c129150
_d129150